Guess the Taylor Swift song (no hints) *3 - Statistics

General Stats
  • This quiz has been taken 20 times
  • The average score is 324 of 414
Answer Stats
Answer % Correct
A
100%
a
100%
I
100%
do?
93%
Do
93%
know
93%
like
93%
the
93%
to
93%
We
93%
When
93%
who
93%
all
87%
By
87%
Can
87%
don't
87%
ever
87%
Good
87%
I'm
87%
in
87%
it
87%
It
87%
It's
87%
I've
87%
my
87%
night?
87%
night
87%
not
87%
of
87%
on
87%
out
87%
she
87%
She
87%
they
87%
too?
87%
too
87%
was
87%
way
87%
what
87%
With
87%
with
87%
you
87%
and
80%
And
80%
bad
80%
boy
80%
But
80%
but
80%
Did
80%
did
80%
every
80%
friends
80%
girl,
80%
Have
80%
have
80%
her
80%
her?
80%
just
80%
middle
80%
Oh
80%
oh
80%
room
80%
room?
80%
that
80%
That
80%
Then
80%
up
80%
were
80%
your
80%
you're
80%
ask
73%
'Cause
73%
clapping
73%
crowded
73%
for
73%
fun
73%
going
73%
Got
73%
house
73%
kiss
73%
leave
73%
Making
73%
making
73%
mind
73%
more
73%
much?
73%
one
73%
question?
73%
question
73%
remember
73%
said
73%
saw
73%
single
73%
some
73%
thing
73%
you'd
73%
away
67%
before
67%
Big
67%
choices
67%
city,
67%
could
67%
fifteen
67%
had
67%
later
67%
later,
67%
nights
67%
put
67%
sad
67%
say
67%
Second
67%
seconds
67%
since
67%
someone
67%
something
67%
still
67%
wish
67%
wrong
67%
after
60%
another
60%
best
60%
color
60%
conversation
60%
dickhead
60%
drink
60%
explanations
60%
fight,
60%
Fucking
60%
gender
60%
gray
60%
guy
60%
may
60%
Painted
60%
politics
60%
right,
60%
roles
60%
sure
60%
swept
60%
That's
60%
that's
60%
time
60%
touch
60%
what's
60%
circumstances
53%
Does
53%
everything's
53%
eyes
53%
feel
53%
Miscommunications
53%
searched
53%
situations,
53%
swear
53%
Half
47%
heard?
47%
meteor
47%
moon
47%
realize
47%
surprise
47%
nice,
40%
strike?
40%
suitable
40%
tonight
40%
No matching quizzes found
Score Distribution
Percent of People with Each Score
Percentile by Number Answered
Your Score History
You have not taken this quiz